Normal view
MARC view
- 1.Probability Problem Exercises 2.Probability outlines
Entry Topical Term
001 - CONTROL NUMBER
- control field: 795
003 - CONTROL NUMBER IDENTIFIER
- control field: NUST
005 - DATE AND TIME OF LATEST TRANSACTION
- control field: 20170515173005.0
008 - FIXED-LENGTH DATA ELEMENTS
- fixed length control field: 170515|| aca||aabn | a|a d
040 ## - CATALOGING SOURCE
- Original cataloging agency: NUST
- Transcribing agency: NUST
150 ## - HEADING--TOPICAL TERM
- Topical term or geographic name entry element: 1.Probability Problem Exercises 2.Probability outlines
670 ## - SOURCE DATA FOUND
- Source citation: Work cat.: (NUST)24356: Seymour Lipschutz 794, Schaum's Outline of Probability, c2000
